Beyond Kolkata : (Record no. 80652)

MARC details
000 -LEADER
fixed length control field 00778nam a22002297a 4500
005 - DATE AND TIME OF LATEST TRANSACTION
control field 20140307151038.0
010 ## - LCCN (DPL NO)
LC control number ENG-108647
020 ## - INTERNATIONAL STANDARD BOOK NUMBER
International Standard Book Number 9780415844352
Terms of availability 895.00
035 ## - SYSTEM CONTROL NUMBER
System control number EN-92180
037 ## - SOURCE OF ACQUISITION
Source of stock number/acquisition DBAD/PUB
082 ## - DEWEY DECIMAL CLASSIFICATION NUMBER
Classification number 307.760954
100 ## - MAIN ENTRY--PERSONAL NAME
Personal name Dey, Ishita
245 ## - TITLE STATEMENT
Title Beyond Kolkata :
Statement of responsibility, etc by Ishita Dey, Ranabir Samaddar [and] Suhit K. Sen
Remainder of title Rajarhat and the dystopia of urban imagination /
260 ## - PUBLICATION, DISTRIBUTION, ETC. (IMPRINT)
Place of publication, distribution, etc New Delhi
Date of publication, distribution, etc 2013
Name of publisher, distributor, etc Routledge
270 ## - ADDRESS
Address 912, Tolstoy House, 15-17 Tolstoy Marg, Connaught Place
City New Delhi
Postal code 110001
300 ## - PHYSICAL DESCRIPTION
Extent xvi,265p. :
Dimensions 23cm(Hb)
Other physical details ill.,maps
500 ## - GENERAL NOTE
General note Includes bibliographical references and index
600 ## - SUBJECT ADDED ENTRY--PERSONAL NAME
Dates associated with a name
700 ## - ADDED ENTRY--PERSONAL NAME
Personal name Samaddar, Ranabir
700 ## - ADDED ENTRY--PERSONAL NAME
Personal name Sen, Suhit K.
942 ## - ADDED ENTRY ELEMENTS (KOHA)
Source of classification or shelving scheme Dewey Decimal Classification
Item type English Books
Call number suffix DEY
Classification part 307.760954
Holdings
Withdrawn status Lost status Not for loan Collection code Home library Current library Date acquired Source of acquisition Cost, normal purchase price Full call number Barcode Copy number Cost, replacement price Koha item type
    Not For Loan Non-fiction D.B.Act.Division D.B.Act.Division 14/11/2013 DBAD/PUB 895.00 307.760954 EN-92180 1 895.00 English Books

© Delhi Public Library
Hit Counter
free hit counter